00906nam a2200265Ia 450000500170000000800410001702000190005808200180007710000410009524500980013625000190023430000280025350000340028165000440031565000330035965000320039265000460042494200120047026400200048233600270050233700330052933800280056204000350059099900150062520220317001356.0161108s9999 ck g 000 0 spa  a7707349621329404a362.767bF27p1 aFernández de los Campos, Aida Elia13aLa prevención del maltrato intrafamiliar a los niñoscAida Elia Fernández de los campos a1a. edición  av, 306 páginasc24 cm aIncluye índice alfabético142LEMB aAbuso de menoresxPrevención 142LEMB aViolencia en niños 142LEMB aDerechos del niño 142LEMB aVictimas de la violencia familiar  2ddccBK aBogotábLeyer atextobtxt2rdacontent asin mediaciónbn2rdamedia avolumenbnc2rdacarrier aCO-BoRNBPbspaerdacCO-BoRNBP c6781d6781